[Event "XXXVI Capablanca Mem Premier II"]
[Site "Havana CUB"]
[Date "2001.05.11"]
[Round "6"]
[White "Matamoros Franco,C"]
[Black "Zapata,A"]
[Result "1-0"]
[WhiteElo "2467"]
[BlackElo "2492"]
[EventDate "2001.05.05"]

1. c4 g6 2. g3 Bg7 3. Bg2 e5 4. Nc3 Nc6 5. e4 d6 6. Nge2 h5 7. h4 Be6 8. d3
Qd7 9. Nd5 Nf6 10. f3 Nh7 11. Be3 f5 12. Qd2 O-O 13. O-O Nd8 14. Rac1 fxe4
15. dxe4 c6 16. Nb4 Nf6 17. b3 b6 18. Rcd1 Nb7 19. Kh2 Rf7 20. Ng1 Raf8 21.
Nh3 Nh7 22. Nd3 Qc8 23. Bh6 Rd7 24. Bxg7 Rxg7 25. Ng5 Nxg5 26. Qxg5 Nd8 27.
Qe3 c5 28. Nf2 Qc7 29. Qd2 Nf7 30. Bh3 Qe7 31. Bxe6 Qxe6 32. Nh3 Qe7 33.
Ng5 Nxg5 34. Qxg5 Qxg5 35. hxg5 Rd7 36. f4 exf4 37. gxf4 Re7 38. Rxd6 Kg7
39. f5 Rxe4 40. Rxg6+ 1-0

[Event "XXXVI Capablanca Mem Premier II"]
[Site "Havana CUB"]
[Date "2001.05.12"]
[Round "7"]
[White "Perez,Lu"]
[Black "De la Paz,F"]
[Result "1/2-1/2"]
[WhiteElo "2386"]
[BlackElo "2437"]
[EventDate "2001.05.05"]

1. d4 Nf6 2. c4 g6 3. Nc3 Bg7 4. e4 d6 5. f3 O-O 6. Be3 Nbd7 7. Qd2 a6 8.
Nge2 c5 9. a3 cxd4 10. Nxd4 Ne5 11. Be2 e6 12. O-O d5 13. exd5 exd5 14. c5
Re8 15. Rad1 Nc4 16. Bxc4 dxc4 17. Bg5 Qc7 18. Bxf6 Bxf6 19. Nd5 Qd8 20.
Nxf6+ Qxf6 21. Qb4 Be6 22. Qxb7 Rab8 23. Qc6 Rec8 24. Qxa6 Rxb2 25. Nxe6
Qxe6 26. Qxe6 fxe6 27. Rfe1 Rxc5 28. Rxe6 Rc7 29. Re3 c3 30. Kf1 Ra2 31.
Rc1 Rxa3 32. Rc2 Kf7 33. Ke2 Kf6 34. f4 h5 35. Kf3 Rc5 36. g3 g5 37. fxg5+
Kxg5 38. h3 Rb3 39. Ke4 Rc8 40. Kd3 Ra3 41. Re5+ Kg6 42. Re4 Rf8 43. Re6+
Kg5 44. Re5+ Kg6 45. Re6+ 1/2-1/2

[Event "XXXVI Capablanca Mem Premier II"]
[Site "Havana CUB"]
[Date "2001.05.12"]
[Round "7"]
[White "Garcia,Os"]
[Black "Matamoros Franco,C"]
[Result "1-0"]
[WhiteElo "2300"]
[BlackElo "2467"]
[EventDate "2001.05.05"]

1. e4 e6 2. d4 d5 3. e5 c5 4. c3 Qb6 5. Bd3 cxd4 6. Nf3 Nc6 7. O-O Bd7 8.
Kh1 Rc8 9. a3 dxc3 10. Nxc3 Nge7 11. Be3 Qd8 12. Bg5 a6 13. Na4 Na5 14. b4
Nc4 15. Nc5 Qc7 16. Qe2 Ng6 17. Nxd7 Qxd7 18. h4 Be7 19. Bc1 Ngxe5 20. Bb1
Nxf3 21. Qxf3 Bxh4 22. Ra2 Be7 23. Qh3 g6 24. Bh6 Bf6 25. Re2 Ke7 26. f4
Nd6 27. f5 Rc3 28. Qh2 Ne4 29. Bxe4 dxe4 30. fxe6 Qxe6 31. Rfe1 Rc4 32. Qf4
e3 33. Qg3 Rh4+ 34. Kg1 Rxh6 35. Rxe3 Bd4 36. Qc7+ Kf8 37. Qd8+ Kg7 38.
Qxd4+ Qf6 39. Qxf6+ Kxf6 40. Rf3+ Kg7 41. Re7 Rf8 42. Rxb7 g5 43. Rf5 Rg6
44. Ra7 g4 45. Kf2 Rf6 46. Rxf6 Kxf6 47. Rxa6+ Kg5 48. b5 Rd8 49. b6 Rd2+
50. Ke3 Rxg2 51. Ra5+ f5 52. Rb5 Rg3+ 53. Ke2 1-0

[Event "XXXVI Capablanca Mem Premier II"]
[Site "Havana CUB"]
[Date "2001.05.12"]
[Round "7"]
[White "Arizmendi Martinez,J"]
[Black "Wohl,A"]
[Result "1-0"]
[WhiteElo "2478"]
[BlackElo "2418"]
[EventDate "2001.05.05"]

1. e4 d5 2. exd5 Nf6 3. Nf3 Nxd5 4. d4 Bg4 5. Be2 e6 6. O-O Be7 7. Ne5 Bxe2
8. Qxe2 O-O 9. c4 Nb6 10. Rd1 N8d7 11. Nc3 Nxe5 12. dxe5 Qe8 13. Rd3 Rd8
14. Rg3 f5 15. exf6 Bxf6 16. Bg5 Bxg5 17. Rxg5 Qe7 18. Re5 Qb4 19. Re4 h6
20. Rc1 Qc5 21. b3 Qg5 22. Rf1 Rd2 23. Qe1 Rc2 24. Rxe6 c6 25. Re2 Rxe2 26.
Qxe2 Nd7 27. Qe6+ Rf7 28. Ne4 Qe7 29. Qxe7 Rxe7 30. f3 Nf6 31. Nxf6+ gxf6
32. Kf2 Kf7 33. Rd1 b5 34. c5 a5 35. Rd6 Re6 36. Rd7+ Ke8 37. Rd4 f5 38. a3
Ke7 39. b4 axb4 40. axb4 Rg6 41. Rd2 1-0

[Event "XXXVI Capablanca Mem Premier II"]
[Site "Havana CUB"]
[Date "2001.05.12"]
[Round "7"]
[White "Bellon Lopez,JM"]
[Black "Otero,D"]
[Result "0-1"]
[WhiteElo "2429"]
[BlackElo "2416"]
[EventDate "2001.05.05"]

1. d4 d5 2. Nf3 Nf6 3. c4 e6 4. Nc3 c6 5. Bg5 dxc4 6. e4 b5 7. e5 h6 8. Bh4
g5 9. exf6 gxh4 10. Ne5 Qxf6 11. a4 Bb7 12. axb5 c5 13. b6 cxd4 14. Qxd4
axb6 15. Rxa8 Bxa8 16. f4 Bc5 17. Qxc4 O-O 18. Nd3 Bd4 19. Nb5 Bxb2 20. Be2
h3 21. Kf2 hxg2 22. Rb1 Qh4+ 23. Kg1 Bf6 24. Qc7 Nc6 25. Bf3 Nd4 26. Bxa8
Rxa8 27. Nd6 Nf3+ 28. Kxg2 Ra2+ 29. Nb2 Qxh2+ 0-1

[Event "XXXVI Capablanca Mem Premier II"]
[Site "Havana CUB"]
[Date "2001.05.12"]
[Round "7"]
[White "Herrera,I"]
[Black "Gomez,Fe"]
[Result "1-0"]
[WhiteElo "2432"]
[BlackElo "2462"]
[EventDate "2001.05.05"]

1. e4 e5 2. Nf3 Nc6 3. Bb5 f5 4. d3 fxe4 5. dxe4 Nf6 6. O-O Bc5 7. Qd3 Qe7
8. Nc3 Nd8 9. Na4 Bb6 10. Nxb6 axb6 11. Nh4 g6 12. Bc4 Ne6 13. Bxe6 Qxe6
14. f4 exf4 15. Bxf4 d6 16. e5 dxe5 17. Bxe5 O-O 18. Nxg6 Kg7 19. Rxf6 Rxf6
20. Rf1 1-0

[Event "XXXVI Capablanca Mem Premier II"]
[Site "Havana CUB"]
[Date "2001.05.14"]
[Round "8"]
[White "De la Paz,F"]
[Black "Gomez,Fe"]
[Result "0-1"]
[WhiteElo "2437"]
[BlackElo "2462"]
[EventDate "2001.05.05"]

1. e4 e5 2. Nf3 Nc6 3. Bc4 Nf6 4. d3 Bc5 5. c3 a6 6. Bb3 Ba7 7. Nbd2 O-O 8.
O-O d6 9. h3 h6 10. Re1 Nh5 11. Nf1 Qf6 12. Ne3 Nf4 13. Nd5 Nxd5 14. Bxd5
Ne7 15. Bb3 g5 16. Be3 g4 17. Nh2 gxh3 18. Qh5 Qg7 19. g4 Bxe3 20. fxe3 Kh8
21. Rf1 f5 22. Rf3 Bd7 23. Raf1 Rf6 24. exf5 Rxf5 25. Rxf5 Nxf5 26. Rxf5
Bxf5 27. Qxf5 Rf8 28. Qh5 Qf6 29. Kh1 Kg7 30. g5 hxg5 31. Bd5 c6 32. Be4
Qh6 33. Qg4 d5 34. Bf5 Qh4 35. e4 dxe4 36. dxe4 Qe1+ 37. Qg1 Qxg1+ 38. Kxg1
Rd8 39. Nf1 Rd1 40. Bxh3 Rb1 41. b4 b6 42. Bc8 a5 43. bxa5 bxa5 44. Kf2
Rb2+ 45. Ke3 Rxa2 46. Kd3 a4 47. Ne3 Rb2 48. Nc4 Rb1 49. Kc2 Re1 50. Bd7
Rxe4 51. Kd3 Re1 52. Bxc6 Ra1 53. Ne3 a3 54. Nc2 Rd1+ 55. Ke2 Rd6 56. Be4
a2 0-1

[Event "XXXVI Capablanca Mem Premier II"]
[Site "Havana CUB"]
[Date "2001.05.14"]
[Round "8"]
[White "Wohl,A"]
[Black "Bellon Lopez,JM"]
[Result "0-1"]
[WhiteElo "2418"]
[BlackElo "2429"]
[EventDate "2001.05.05"]

1. Nf3 c5 2. c4 Nc6 3. Nc3 e5 4. g3 g6 5. Bg2 Bg7 6. a3 d6 7. Rb1 a5 8. d3
Nge7 9. O-O O-O 10. b3 Rb8 11. Bb2 h6 12. e3 Be6 13. d4 Bf5 14. Rc1 exd4
15. exd4 Nxd4 16. Nxd4 Bxd4 17. Qd2 Kh7 18. Nb5 Bxb2 19. Qxb2 d5 20. cxd5
Bd3 21. Nc3 Bxf1 22. Rxf1 b6 23. Rd1 Nf5 24. Nb5 Nd6 25. Na7 Qg5 26. Nc6
Rbe8 27. Rf1 h5 28. b4 axb4 29. axb4 Ne4 30. Rd1 cxb4 31. Qxb4 Nxf2 32. Rf1
Ng4 33. Rf4 Ne3 34. Qd2 Nxg2 35. Rxf7+ Rxf7 36. Qxg5 Ne3 37. h4 Rf1+ 38.
Kh2 Ng4+ 39. Kh3 Rf2 0-1

[Event "XXXVI Capablanca Mem Premier II"]
[Site "Havana CUB"]
[Date "2001.05.14"]
[Round "8"]
[White "Gonzalez,Y"]
[Black "Arizmendi Martinez,J"]
[Result "1/2-1/2"]
[WhiteElo "2426"]
[BlackElo "2478"]
[EventDate "2001.05.05"]

1. e4 c5 2. Nf3 e6 3. c3 Nf6 4. Bd3 Nc6 5. Bc2 Qc7 6. O-O d5 7. d3 Be7 8.
Re1 b5 9. Bg5 dxe4 10. dxe4 h6 11. Bh4 Bb7 12. Nbd2 e5 13. Nf1 Rd8 14. Qe2
c4 15. Ne3 O-O 16. a4 a6 17. Red1 Nb8 18. Nf5 Bc8 19. Bg3 Bxf5 20. Bxe5 Qb6
21. exf5 Nc6 22. axb5 axb5 23. Bxf6 Bxf6 24. Nd2 Ne7 25. Qg4 Rd5 26. Ne4
Rfd8 27. Rxd5 Nxd5 28. Rd1 Be5 29. g3 Nf6 30. Nxf6+ Bxf6 31. Qe2 Rxd1+ 32.
Bxd1 Kh7 33. Qe8 Qd8 34. Qxd8 Bxd8 35. Bf3 Bg5 36. Bc6 Bc1 37. Bxb5 Bxb2
38. Bxc4 f6 39. Bf7 Bxc3 40. Kg2 Bd2 1/2-1/2

[Event "XXXVI Capablanca Mem Premier II"]
[Site "Havana CUB"]
[Date "2001.05.14"]
[Round "8"]
[White "Matamoros Franco,C"]
[Black "Almeida,O"]
[Result "0-1"]
[WhiteElo "2467"]
[BlackElo "2426"]
[EventDate "2001.05.05"]

1. c4 Nf6 2. g3 g6 3. Bg2 Bg7 4. Nc3 d6 5. Nf3 O-O 6. O-O c6 7. d4 Qa5 8.
h3 Be6 9. Qd3 Qa6 10. b3 d5 11. Ne5 dxc4 12. Nxc4 Rd8 13. Rd1 Nbd7 14. Bb2
Bxc4 15. Qxc4 Qxc4 16. bxc4 Nb6 17. c5 Nc4 18. Rab1 Ne8 19. Ba1 Bxd4 20.
Rb4 b5 21. Bxc6 Bxc5 22. Rxd8 Rxd8 23. Rxb5 Bb6 24. Rd5 Ned6 25. Rd1 Kf8
26. Nb5 Na5 27. Rxd6 exd6 28. Bd5 a6 29. Na3 Rc8 30. Bb2 Bc5 31. Kg2 Ke7
32. g4 Nc6 33. Nc2 Nb4 34. Nxb4 Bxb4 35. Bb3 Rc5 36. e4 Bd2 37. h4 h6 38.
Kg3 f6 39. f4 a5 40. Ba3 Rc3+ 0-1

[Event "XXXVI Capablanca Mem Premier II"]
[Site "Havana CUB"]
[Date "2001.05.14"]
[Round "8"]
[White "Perez Candelario,M"]
[Black "Garcia,Os"]
[Result "1/2-1/2"]
[WhiteElo "2397"]
[BlackElo "2300"]
[EventDate "2001.05.05"]

1. e4 e5 2. Nf3 Nc6 3. Bb5 f5 4. Nc3 fxe4 5. Nxe4 Nf6 6. Qe2 d5 7. Nxf6+
gxf6 8. d4 Bg7 9. dxe5 O-O 10. Bxc6 bxc6 11. e6 Re8 12. Be3 Bxe6 13. O-O-O
Qe7 14. Rhe1 c5 15. Qb5 d4 16. Bf4 Bf8 17. Qc6 Rac8 18. Nd2 Qd7 19. Qxd7
Bxd7 20. f3 Kf7 21. Ne4 Be6 22. b3 Red8 23. c4 Re8 24. g4 h6 25. Nf2 Bd7
26. Kd2 Bc6 27. Ne4 Re6 28. Kd3 a5 29. a4 Rb8 30. Rb1 Rb7 31. Nd2 Bd6 32.
Rxe6 Kxe6 33. Re1+ Kf7 34. Bg3 Rb8 35. Re2 h5 36. gxh5 Rh8 37. Ne4 Bxe4+
38. Rxe4 Rxh5 39. Rh4 Rg5 40. Be1 Rg2 41. Bxa5 Rb2 42. Be1 Rxb3+ 43. Kc2
Ra3 44. a5 Ra4 45. Kd3 Ra3+ 46. Kc2 Ra4 47. Kd3 Ra3+ 1/2-1/2

[Event "XXXVI Capablanca Mem Premier II"]
[Site "Havana CUB"]
[Date "2001.05.14"]
[Round "8"]
[White "Perez,Lu"]
[Black "Zapata,A"]
[Result "0-1"]
[WhiteElo "2386"]
[BlackElo "2492"]
[EventDate "2001.05.05"]

1. d4 Nf6 2. c4 e5 3. dxe5 Ne4 4. Nf3 Nc6 5. Nbd2 Nc5 6. g3 Qe7 7. Bg2 g6
8. O-O Bg7 9. Nb3 Ne6 10. Be3 O-O 11. Qd5 a5 12. Nc5 Nb4 13. Nxe6 Nxd5 14.
Bc5 Qxe6 15. cxd5 Qxd5 16. Bxf8 Kxf8 17. Rfd1 Qb5 18. Rac1 c6 19. b3 a4 20.
bxa4 Rxa4 0-1

[Event "XXXVI Capablanca Mem Premier II"]
[Site "Havana CUB"]
[Date "2001.05.15"]
[Round "9"]
[White "Garcia,Os"]
[Black "Perez,Lu"]
[Result "1-0"]
[WhiteElo "2300"]
[BlackElo "2386"]
[EventDate "2001.05.05"]

1. e4 c5 2. Nf3 d6 3. Bc4 Nf6 4. d3 Nc6 5. c3 e6 6. Bb3 Be7 7. O-O O-O 8.
Re1 b5 9. Nbd2 Bb7 10. Nf1 a5 11. a4 b4 12. Ng3 Ba6 13. Bc2 Rb8 14. d4 bxc3
15. bxc3 cxd4 16. cxd4 Nb4 17. Bb1 Qc7 18. Ra3 Rfc8 19. Bd2 Nc2 20. Rc3
Nxe1 21. Rxc7 Nxf3+ 22. gxf3 Rxc7 23. Bxa5 Rcc8 24. Bd3 Bxd3 25. Qxd3 Rc1+
26. Kg2 Ra1 27. Bc3 Rxa4 28. d5 e5 29. f4 exf4 30. Nf5 Re8 31. Bxf6 Bxf6
32. Nxd6 Rb8 33. Qc2 Rba8 34. Qc6 h5 35. Qd7 R4a7 36. Qf5 Re7 37. Nc4 Bd4
38. d6 Ree8 39. Qd5 Bf6 40. e5 Bh4 41. d7 Rf8 42. Nd6 g6 43. Nxf7 Kg7 44.
e6 f3+ 45. Kxf3 Ra4 46. Qe5+ Kh7 47. Kg2 Ra2 48. Kh3 Be7 49. Qf4 Ra5 1-0

[Event "XXXVI Capablanca Mem Premier II"]
[Site "Havana CUB"]
[Date "2001.05.15"]
[Round "9"]
[White "Almeida,O"]
[Black "Perez Candelario,M"]
[Result "1-0"]
[WhiteElo "2426"]
[BlackElo "2397"]
[EventDate "2001.05.05"]

1. d4 Nf6 2. c4 g6 3. Nc3 Bg7 4. e4 d6 5. Nf3 O-O 6. h3 Na6 7. Bg5 Qe8 8.
g4 c5 9. Qd2 Bd7 10. Bg2 Rc8 11. d5 b5 12. cxb5 Bxb5 13. a3 Rb8 14. O-O-O
Bc4 15. e5 dxe5 16. Nxe5 Bb3 17. Rde1 Nb4 18. d6 Rd8 19. axb4 Rxd6 20. Qf4
h6 21. bxc5 hxg5 22. Qb4 Rd5 23. Qxb3 Rxc5 24. Nxg6 1-0

[Event "XXXVI Capablanca Mem Premier II"]
[Site "Havana CUB"]
[Date "2001.05.15"]
[Round "9"]
[White "Arizmendi Martinez,J"]
[Black "Matamoros Franco,C"]
[Result "1/2-1/2"]
[WhiteElo "2478"]
[BlackElo "2467"]
[EventDate "2001.05.05"]

1. e4 e6 2. d4 d5 3. Nd2 c5 4. Ngf3 cxd4 5. exd5 Qxd5 6. Bc4 Qd6 7. O-O Nf6
8. Nb3 Nc6 9. Nbxd4 Nxd4 10. Nxd4 a6 11. Bd3 Bd7 12. Nf3 Qc7 13. Re1 Bd6
14. Qe2 Bf4 15. Bxf4 Qxf4 16. Ne5 Rd8 17. Rad1 O-O 18. c4 Bc8 19. g3 Qh6
20. f4 g6 21. Qf3 Rfe8 22. b4 Nd7 23. Nxd7 Rxd7 24. Be4 Red8 25. Rxd7 Rxd7
26. Rd1 Qg7 27. Rxd7 Bxd7 28. Qd1 Qc3 29. Bxb7 Qxb4 30. Qxd7 Qe1+ 31. Kg2
Qe2+ 1/2-1/2

[Event "XXXVI Capablanca Mem Premier II"]
[Site "Havana CUB"]
[Date "2001.05.15"]
[Round "9"]
[White "Bellon Lopez,JM"]
[Black "Gonzalez,Y"]
[Result "0-1"]
[WhiteElo "2429"]
[BlackElo "2426"]
[EventDate "2001.05.05"]

1. d4 d5 2. c4 e6 3. Nf3 Nf6 4. Nc3 Be7 5. Bg5 O-O 6. Qc2 Nbd7 7. e3 c6 8.
O-O-O Re8 9. Kb1 a5 10. h4 a4 11. Bxf6 Nxf6 12. Ne5 a3 13. b3 Nd7 14. Bd3
Nf8 15. f4 Qa5 16. h5 Bb4 17. Ne2 c5 18. g4 f6 19. Ng6 dxc4 20. Bxc4 hxg6
21. hxg6 b5 22. Ng3 bxc4 23. Qh2 Nxg6 24. Qh7+ Kf7 25. Rh6 Nf8 26. Rxf6+
Kxf6 27. Ne4+ Kf7 28. Ng5+ Kf6 29. Qg8 Qc7 30. Ne4+ Ke7 31. dxc5 Bd7 32.
Nd6 Kd8 33. Qxg7 Qc6 34. Qf6+ Kc7 35. Qe5 Red8 36. Nxc4+ Kb7 37. Rd6 Qh1+
38. Kc2 Bc6 0-1

[Event "XXXVI Capablanca Mem Premier II"]
[Site "Havana CUB"]
[Date "2001.05.15"]
[Round "9"]
[White "Herrera,I"]
[Black "Wohl,A"]
[Result "1-0"]
[WhiteElo "2432"]
[BlackElo "2418"]
[EventDate "2001.05.05"]

1. e4 Nf6 2. e5 Nd5 3. d4 d6 4. Nf3 g6 5. Bc4 c6 6. O-O Bg7 7. exd6 Qxd6 8.
h3 O-O 9. Re1 Nd7 10. Bb3 b5 11. Nbd2 e6 12. Ne4 Qc7 13. c3 Bb7 14. a4 a6
15. Qe2 Rfe8 16. Bd2 h6 17. c4 bxc4 18. Qxc4 a5 19. Rac1 Reb8 20. Bd1 Ra7
21. b3 Ba8 22. Nc5 Nxc5 23. dxc5 Bb7 24. Bc2 Bc8 25. Qh4 Qe7 26. Qg3 Qc7
27. Ne5 Bd7 28. Kh2 Be8 29. Nc4 Qxg3+ 30. Kxg3 Nb4 31. Bxb4 Rxb4 32. Rcd1
Rb8 33. Rd3 Bf8 34. Nd6 Bd7 35. f4 g5 36. fxg5 hxg5 37. Ne4 Be7 38. Red1
Be8 39. Nd6 Kf8 40. R3d2 f6 41. Rd4 Bh5 42. R1d2 f5 43. Kh2 Bf6 44. R4d3
Be7 45. Re3 Bf7 46. Nxf7 Kxf7 47. Rde2 Re8 48. Kh1 Bxc5 49. Rc3 Bb4 50.
Rxc6 Rd7 51. g3 Rd6 52. Rxd6 Bxd6 53. Kg2 Rc8 54. Bd3 Rc3 55. Bc4 Rxg3+ 56.
Kf2 Rxh3 57. Rxe6 Rh2+ 58. Kg1 Bf4 59. Re2+ Kf6 60. Rxh2 Bxh2+ 61. Kxh2 Ke5
62. Kg3 Kd4 63. Kf3 Kc3 64. Be6 Kb4 65. Bxf5 Kxb3 66. Bd7 1-0

[Event "XXXVI Capablanca Mem Premier II"]
[Site "Havana CUB"]
[Date "2001.05.15"]
[Round "9"]
[White "Gomez,Fe"]
[Black "Otero,D"]
[Result "0-1"]
[WhiteElo "2462"]
[BlackElo "2416"]
[EventDate "2001.05.05"]

1. d4 f5 2. Bg5 g6 3. Nc3 Bg7 4. e4 fxe4 5. Nxe4 Nf6 6. Bd3 Nc6 7. c3 Nxe4
8. Bxe4 d5 9. Bd3 Qd6 10. f4 O-O 11. Qd2 Bf5 12. Bxf5 Rxf5 13. Ne2 e6 14.
O-O Na5 15. b3 c5 16. Rae1 Nc6 17. dxc5 Qxc5+ 18. Kh1 Raf8 19. Rd1 R5f7 20.
Bh4 Qb5 21. Rfe1 Bh6 22. g3 Re8 23. Nd4 Nxd4 24. cxd4 Bg7 25. Qe3 Qb6 26.
g4 Bh6 27. Bg3 Bg7 28. Qd3 Rc8 29. Re2 Rc6 30. Qe3 Qb4 31. Be1 Qf8 32. Bg3
Qe8 33. Rf1 Qf8 34. Qd2 Bh6 35. Ref2 Qe8 36. Qe2 Bg7 37. Qd2 Qd7 38. Re1
Bf8 39. Rfe2 Bh6 40. Qe3 Qc8 41. Rf2 Bg7 42. Rd2 Qd7 43. Rf2 Rf8 44. Rd2
Rfc8 45. Qe2 Qf7 46. Qe3 Qd7 47. Qg1 Rc2 48. Qf2 Rxd2 49. Qxd2 Rc6 50. Re2
Qc8 51. Kg2 Kf7 52. Rf2 Rc1 53. f5 gxf5 54. gxf5 exf5 55. Qd3 Kg6 56. Be5
Rc3 57. Qd2 Bh6 58. Qe2 f4 59. Kh1 Qf5 60. Bxf4 Bxf4 61. Qe8+ Kh6 62. Qe2
Rc1+ 63. Kg2 Qg5+ 0-1

[Event "XXXVI Capablanca Mem Premier II"]
[Site "Havana CUB"]
[Date "2001.05.16"]
[Round "10"]
[White "Wohl,A"]
[Black "Gomez,Fe"]
[Result "0-1"]
[WhiteElo "2418"]
[BlackElo "2462"]
[EventDate "2001.05.05"]

1. e4 e5 2. Nf3 Nc6 3. Nc3 Nf6 4. g3 d5 5. exd5 Nxd5 6. Bg2 Nxc3 7. bxc3
Bc5 8. O-O O-O 9. d3 Bg4 10. h3 Bh5 11. Rb1 Bb6 12. Re1 f5 13. Ba3 Re8 14.
Qd2 e4 15. Nh2 Ne5 16. d4 c5 17. Bc1 cxd4 18. cxd4 Bxd4 19. Rxb7 Qd5 20.
Rb3 Rad8 21. g4 Bg6 22. c3 Bb6 23. Qxd5+ Rxd5 24. gxf5 Bxf5 25. Be3 Bxe3
26. fxe3 Rd2 27. Rf1 Be6 28. Rb4 Bc4 29. Rf5 Rd1+ 30. Bf1 Bd3 31. Kg2 h6
32. Rb7 Re6 33. Bxd3 exd3 34. Rb8+ Kh7 35. Rd8 d2 36. Nf1 Nc4 37. Rf3 Rd6
0-1

[Event "XXXVI Capablanca Mem Premier II"]
[Site "Havana CUB"]
[Date "2001.05.16"]
[Round "10"]
[White "Matamoros Franco,C"]
[Black "Bellon Lopez,JM"]
[Result "0-1"]
[WhiteElo "2467"]
[BlackElo "2429"]
[EventDate "2001.05.05"]

1. c4 c5 2. g3 Nc6 3. Bg2 g6 4. Nc3 Bg7 5. a3 d6 6. Rb1 a5 7. Nf3 e5 8. d3
Nge7 9. O-O O-O 10. Bg5 f6 11. Bd2 Be6 12. Ne1 d5 13. cxd5 Nxd5 14. Qb3 a4
15. Qxb7 Na5 16. Qb5 Nb3 17. Be3 Nxe3 18. fxe3 Rb8 19. Qxa4 Nd2 20. Nf3 Bb3
21. Nxd2 Bxa4 22. Nxa4 Bh6 23. Nc4 Bxe3+ 24. Kh1 Qd4 25. Nc3 f5 26. Nd5 Bg5
27. e3 Qxd3 28. Nxe5 Qb3 29. Nd7 Rbd8 30. Nxc5 Qa2 31. Nc3 Qc4 32. Nb7 Rd2
33. Na5 Qc7 0-1

[Event "XXXVI Capablanca Mem Premier II"]
[Site "Havana CUB"]
[Date "2001.05.16"]
[Round "10"]
[White "Perez Candelario,M"]
[Black "Arizmendi Martinez,J"]
[Result "1/2-1/2"]
[WhiteElo "2397"]
[BlackElo "2478"]
[EventDate "2001.05.05"]

1. e4 e6 2. d4 d5 3. Nc3 Bb4 4. e5 c5 5. a3 Bxc3+ 6. bxc3 Ne7 7. Qg4 Nf5 8.
Bd3 h5 9. Qh3 Qc7 10. g4 Ne7 11. gxh5 cxd4 12. Ne2 Nbc6 13. Bf4 Bd7 14. Rg1
g6 15. h6 Rh7 16. cxd4 Nxd4 17. Nxd4 Qc3+ 18. Ke2 Qxd4 19. Qe3 Qa4 20. Rgb1
d4 21. Qd2 Nd5 22. Kf1 Nc3 23. f3 Nxb1 24. Rxb1 Bc6 25. Bg5 Qxa3 26. Qf4
Qc5 27. h4 Kd7 28. h5 Rg8 29. Qf6 Qd5 30. Kf2 Kc8 31. Rb3 a5 32. Bxg6 fxg6
33. hxg6 Qd7 34. gxh7 Qxh7 35. Qxe6+ Bd7 36. Qc4+ Bc6 37. Qe6+ Bd7 38. Qc4+
Bc6 39. Qe6+ 1/2-1/2

[Event "XXXVI Capablanca Mem Premier II"]
[Site "Havana CUB"]
[Date "2001.05.16"]
[Round "10"]
[White "Perez,Lu"]
[Black "Almeida,O"]
[Result "0-1"]
[WhiteElo "2386"]
[BlackElo "2426"]
[EventDate "2001.05.05"]

1. e4 Nf6 2. Nc3 d5 3. e5 Ne4 4. Nce2 f6 5. d3 Ng5 6. Nf4 e6 7. Qh5+ Nf7 8.
Nf3 g6 9. Qh3 fxe5 10. Ne2 Nc6 11. Bd2 Qf6 12. O-O-O Bd6 13. Kb1 Bd7 14.
Ng3 O-O-O 15. Be2 h5 16. Rhe1 h4 17. Nf1 e4 18. Ng1 e5 19. Bg4 exd3 20.
cxd3 Qxf2 21. Nf3 Qb6 22. Bg5 Nxg5 23. Nxg5 Ba3 24. Re2 Nd4 25. Red2 Qf6
0-1

[Event "XXXVI Capablanca Mem Premier II"]
[Site "Havana CUB"]
[Date "2001.05.16"]
[Round "10"]
[White "Zapata,A"]
[Black "Garcia,Os"]
[Result "1-0"]
[WhiteElo "2492"]
[BlackElo "2300"]
[EventDate "2001.05.05"]

1. e4 c5 2. Nf3 a6 3. c3 e6 4. d4 d5 5. exd5 exd5 6. Nbd2 cxd4 7. Nxd4 Bd6
8. N2f3 Ne7 9. Bd3 Nbc6 10. h3 Bc7 11. Be3 h6 12. Bc2 Qd6 13. Qd3 Bd7 14.
O-O-O f6 15. Rhe1 Ne5 16. Qe2 g5 17. Nxe5 fxe5 18. Qh5+ Kd8 19. Bxg5 Re8
20. Bh4 exd4 21. Rxd4 Kc8 22. Qf7 Bd8 23. Rd2 Ng6 24. Rxe8 Bxe8 25. Qxe8
Nxh4 26. Be4 Kc7 27. Qf7+ Be7 28. Rxd5 Rf8 29. Qh7 Qf4+ 30. Kd1 Rf7 31. Qg8
Bg5 32. Rc5+ Kb6 33. Rxg5 hxg5 34. Qd8+ Qc7 35. Qxg5 Qd6+ 36. Ke2 Nf5 37.
Bxf5 Qe5+ 38. Qe3+ Qxe3+ 39. Kxe3 Rxf5 40. g4 Rf8 41. h4 Kc6 42. f4 Kd5 43.
h5 Re8+ 44. Kf3 Ke6 45. c4 Kf6 46. b4 a5 47. a3 axb4 48. axb4 Re1 49. h6
Rc1 50. c5 Re1 51. b5 Re8 52. c6 bxc6 53. bxc6 Rc8 54. g5+ Kf5 55. h7 Kg6
56. Ke4 Kxh7 57. Kd5 Ra8 58. c7 1-0